000 00249nam a22000857a 4500
008 160711b xxu||||| |||| 00| 0 eng d
100 _92563
_a Bram, L.L., et al
245 _aFunk & Wagnalls New Encyclopedia
260 _aNew York
_b Funk & Wagnalls
_cMCMLXXI
999 _c2229
_d2229